01018nam a2200241Ia 450000100060000000300090000600800410001504000130005604000130006904100130008210000230009510000290011824500630014724500590021025000110026926000110028026000240029126000490031530000410036450003130040565000270071865000310074534779IT-RoPAU130308s9999 xx 000 0 und d aIT-RoPAU cIT-RoPAU aITALIANO aGentilucci Armando gCodice Aut. SPICS: 6174 aIndividuazione di forme semplici entro strutture complesse bMusica (La)-Ascoltare per comprendere (Con 7 Cassette) a1a ed. aMILANO bFonit Cetra/Ricordi c1985 [1° Ed.:1985 - Ed.Ling.Originale:1985] a"12 p. (prefazione: no ; testo: 12)" aSuggerimenti Didattico Critici musiche e Testi Registrati Quinta sinfonia di Beethoven Sonate di Mozart Vexilla Regis Alleluja Orfeo ed Euridice di Gluck Musica Tiv Sonata di Scarlatti Raga Kalyami Missa Ecce Ancilla domini di Ockeghem Arte della fuga di Bach Musica per Archi Celesta e Percussione di Bartok aEDUCAZIONE ALLA MUSICA eCodice materia Spics: 7012